[Event "Ceara-ch 2019"]
[Site "Fortaleza"]
[Date "2019.11.30"]
[Round "7.3"]
[White "Barreto, Paulo Robson Rodrigu"]
[Black "Parente, Renan Braz"]
[Result "0-1"]
[WhiteElo "1692"]
[BlackElo "2219"]
[Annotator "TA"]
[PlyCount "102"]
[EventDate "2019.11.17"]
[EventType "tourn"]
[EventCountry "BRA"]
[SourceTitle "playchess.com"]
[Source "ChessBase"]
[SourceQuality "1"]

{[%evp 19,102,10,11,0,11,-29,-1,-7,-8,-7,0,-2,5,-5,-8,-10,1,8,40,0,0,0,0,0,0,0,0,0,0,0,40,0,55,0,0,0,0,0,0,0,0,0,0,0,0,0,0,-20,-11,-20,-22,-414,-402,-285,-61,-247,-168,-503,-117,-166,-84,-72,0,0,0,0,0,0,0,0,0,0,0,0,0,0,0,-432,-432,-29975,-29977,-29977,-29978,-29983,-29984]} 1. e4 e6 2. d4 d5 3. Nc3 Nf6 4. Bg5 Be7 5. e5 Nfd7 6. Bxe7 Qxe7 7. f4 a6 8. Nf3 c5 9. Qd2 Nc6 10. dxc5 Nxc5 11. Nd4 {C14: French: Classical System: 4 Bg5 Be7 main line} (11. Qe3 b5 12. a3 Bb7 13. b4 Nd7 14. Be2 O-O 15. O-O f6 16. Bd3 d4 17. Nxd4 Nxd4 18. Qxd4 fxe5 19. fxe5 {1-0 (57) Nevednichy,V (2522)-Mateuta,G (2514) Mamaia 2019}) 11... O-O 12. O-O-O Nxd4 13. Qxd4 {The position is equal.} b5 14. f5 exf5 {...Bb7 is the strong threat.} 15. Nxd5 Qa7 16. Be2 $146 ({Predecessor:} 16. g4 fxg4 17. Bg2 Be6 18. h3 Rad8 19. hxg4 Bxd5 20. Bxd5 {½-½ (47) Da Riva Alonso,J (2266)-Ellis,L (2298) ICCF email 2013}) 16... Be6 17. Bf3 Bxd5 18. Bxd5 Ne6 $1 {[%cal Re6d4]} 19. Bxe6 (19. Qxa7 {feels hotter.} Rxa7 20. Rhf1 Rd8 21. Rxf5 Rad7 22. Bf3) 19... fxe6 20. Qxa7 Rxa7 $14 {[%mdl 4096] Endgame KRR-KRR} 21. Rd6 Kf7 22. Rhd1 Re8 23. Rc6 g5 24. Rdd6 Ree7 25. Kd2 Red7 ({Better is} 25... a5 $11) 26. Rxa6 (26. b3 $14) 26... Rxd6+ $11 27. Rxd6 Rxa2 $14 {KR-KR} 28. Rd7+ Kf8 29. b3 b4 30. Rxh7 Ra5 31. Rb7 Rd5+ 32. Kc1 Rxe5 33. Rxb4 Re2 34. g4 Rxh2 35. gxf5 $2 {[%mdl 8192]} (35. Rb5 $11) 35... exf5 $19 36. Rd4 f4 $2 (36... Ke7 $19 37. Rd2 Rh7) 37. Rd2 $2 ({White must play} 37. Rd5 $15) 37... Rh7 38. Kd1 $2 (38. Rd5 Rg7 39. Rb5) 38... g4 $2 (38... Ke7 $19 {is more deadly. Strongly threatening ...g4.} 39. Ke2 Ke6) 39. Rd4 $17 Rf7 $1 40. Ke2 f3+ (40... Kg7 $17) 41. Kf1 $11 g3 42. Rg4 g2+ 43. Kf2 Ke7 44. Rg6 Rf4 45. c4 Kf7 46. Rg5 Kf6 47. Rg8 Ke5 48. b4 $2 {[%mdl 8192] [#]} (48. Re8+ $11 Kd4 49. Rd8+ Kc5 50. Rd5+ Kb4 51. Rb5+ Kc3 52. Rg5) 48... Ke4 $1 $19 49. b5 {[#]} (49. Re8+ $19 Kd4 50. Re1 Kxc4 51. Rg1) 49... Rh4 $1 {[%cal Rh4h1] Black mates.} 50. Re8+ Kd4 51. Re1 Rh1 {Accuracy: White = 35%, Black = 66%.} 0-1

[Event "Ceara-ch 2019"]
[Site "Fortaleza"]
[Date "2019.11.30"]
[Round "7.4"]
[White "Brandao, Marcius Gomes"]
[Black "Palacio, Igor Da Paz"]
[Result "1/2-1/2"]
[WhiteElo "2002"]
[BlackElo "2160"]
[Annotator "TA"]
[PlyCount "88"]
[EventDate "2019.11.17"]
[EventType "tourn"]
[EventCountry "BRA"]
[SourceTitle "playchess.com"]
[Source "ChessBase"]
[SourceQuality "1"]

{[%evp 14,88,0,-1,16,-17,0,-4,-12,-35,-29,-37,-38,-57,-32,-44,-52,-44,-36,-49,-38,-39,-11,-29,-18,-14,-24,-43,-39,-42,-37,-44,-46,-72,32,30,25,-42,-39,-35,-14,-20,-14,-19,-20,-25,0,-26,-27,-20,-20,-35,0,-10,19,-1,0,0,35,8,11,-31,10,-9,0,0,10,0,0,-13,0,-10,-10,-14,0,0,0]} 1. c4 Nf6 2. Nc3 e5 3. g3 d6 4. Bg2 g6 5. d3 Bg7 6. Nf3 O-O 7. O-O Re8 8. Nd2 c6 {A24: English Opening vs King's Indian: Lines without ...Nc6} 9. e4 (9. Nde4 Nxe4 10. dxe4 Be6 11. b3 Na6 12. Be3 Qe7 13. Qd2 Red8 14. Rad1 Nc7 15. Qc1 b5 16. cxb5 cxb5 {1-0 (62) Artemiev,V (2703)-Sivuk,V (2545) Cheliabinsk 2018}) 9... a5 {[%cal Ba7a5,Ba5a4][%mdl 32]} 10. Rb1 $146 ({Predecessor:} 10. Kh1 Na6 11. f4 Bg4 12. Nf3 Qd7 13. Be3 b5 14. b3 exf4 15. gxf4 Nxe4 16. Nxe4 {1-0 (34) Dive,R (2300)-Lim,B (1919) Hamilton 2018}) 10... Na6 11. a3 Nc5 12. Qc2 a4 13. Re1 Bh6 14. Nf3 Bxc1 15. Rbxc1 Bg4 16. Nd2 Qa5 17. h3 Bc8 18. Nf3 Nb3 19. Rcd1 Be6 20. Qe2 Qb6 21. Qe3 Nd4 22. Rd2 Nd7 23. Qh6 {[#]} Nxf3+ ({Black should play} 23... Nb3 $1 $17 24. Rc2 f6) 24. Bxf3 $14 Nc5 25. Kg2 (25. Bd1 $1 $11) 25... Nb3 $15 26. Rc2 Qd8 27. Bg4 Nd4 28. Rd2 Qf6 {Threatens to win with ...Bxg4.} 29. Qe3 Qe7 30. Bd1 b5 31. cxb5 cxb5 32. Ne2 Nxe2 33. Bxe2 Qd7 34. Rh1 Rec8 35. d4 {[#] Black must now prevent d5.} Qb7 36. d5 Bd7 37. Bg4 f6 38. Rhd1 {The position is equal.} Rc5 39. Be6+ Kg7 40. Qe2 Rac8 41. Kh2 R8c7 42. Bxd7 Rxd7 43. Rc2 Rdc7 44. Rdc1 Qc8 {Accuracy: White = 27%, Black = 36%.} 1/2-1/2

[Event "Ceara-ch 2019"]
[Site "Fortaleza"]
[Date "2019.11.30"]
[Round "7.5"]
[White "Lima, Alan Elkinson Lopes "]
[Black "Silveira, Jose Wanderley Macie"]
[Result "1/2-1/2"]
[WhiteElo "1928"]
[BlackElo "1762"]
[Annotator "NA RC"]
[PlyCount "33"]
[EventDate "2019.11.17"]
[EventType "tourn"]
[EventCountry "BRA"]
[SourceTitle "playchess.com"]
[Source "ChessBase"]
[SourceQuality "1"]
[TimeControl "5400+30"]

{[%evp 8,33,27,19,12,24,12,-17,-6,-8,-12,-21,0,-45,-41,-45,-34,-63,-37,-36,15,7,0,8,2,12,0,-17]} 1. Nf3 {[%emt 0:00:00]} Nf6 {[%emt 0:01:12]} 2. d4 {[%emt 0:00:00]} d5 {[%emt 0:00:02]} 3. c4 {[%emt 0:00:00]} c6 {[%emt 0:00:03]} 4. e3 {[%emt 0:00:21]} Nbd7 {[%emt 0:00:05]} 5. Nc3 {[%emt 0:00:12]} e6 {[%emt 0:00:05]} 6. Qc2 {[%emt 0:00:41]} a6 {[%emt 0:00:25]} 7. Bd3 {[%emt 0:03:52]} dxc4 {[%emt 0:00:03]} 8. Bxc4 {[%emt 0:00:09]} b5 {[%emt 0:00:07]} 9. Be2 {[%emt 0:00:38]} c5 {[%emt 0:02:38]} 10. O-O {[%emt 0:01:21]} Bb7 {[%emt 0:00:12]} 11. Rd1 {[%emt 0:00:55]} Rc8 {[%emt 0:02:02]} 12. Qd2 {[%emt 0:07:20]} Bd6 {[%emt 0:08:22]} 13. a3 {[%emt 0:04:13]} Qe7 {[%emt 0:01:03]} 14. dxc5 {[%emt 0:00:42]} Bxc5 {[%emt 0:00:17]} 15. b4 {[%emt 0:00:10]} Bb6 {[%emt 0:01:55]} 16. Bb2 {[%emt 0:01:54]} O-O {[%emt 0:01:03]} 17. Qd6 $11 {[%emt 0:02:02]} 1/2-1/2

[Event "Ceara-ch 2019"]
[Site "Fortaleza"]
[Date "2019.12.01"]
[Round "8.1"]
[White "Da Justa, Saulo Freitas"]
[Black "Silveira, Jose Wanderley Macie"]
[Result "1-0"]
[WhiteElo "1911"]
[BlackElo "1762"]
[Annotator "NA RC"]
[PlyCount "57"]
[EventDate "2019.11.17"]
[EventType "tourn"]
[EventCountry "BRA"]
[SourceTitle "playchess.com"]
[Source "ChessBase"]
[SourceQuality "1"]
[TimeControl "5400+30"]

1. d4 {[%emt 0:00:00]} Nf6 {[%emt 0:41:34]} 2. Nf3 {[%emt 0:00:13]} d5 {[%emt 0:00:06]} 3. c3 {[%emt 0:01:22]} c6 {[%emt 0:00:29]} 4. Qc2 {[%emt 0:01:10]} Nbd7 {[%emt 0:00:09]} 5. Bf4 {[%emt 0:00:14]} g6 {[%emt 0:01:13]} 6. Nbd2 {[%emt 0:00:15]} Bg7 {[%emt 0:00:07]} 7. e3 {[%emt 0:01:26]} a5 {[%emt 0:00:32]} 8. Be2 {[%emt 0:01:29]} a4 {[%emt 0:00:07]} 9. O-O {[%emt 0:00:29]} Nh5 {[%emt 0:00:16]} 10. Bg5 {[%emt 0:01:49]} h6 {[%emt 0:05:28]} 11. Bh4 {[%emt 0:00:39]} g5 {[%emt 0:01:42]} 12. Ne1 {[%emt 0:05:10]} Ndf6 {[%emt 0:05:37]} 13. Bg3 {[%emt 0:01:56]} Nxg3 {[%emt 0:00:47]} 14. fxg3 {[%emt 0:02:09]} Ng4 {[%emt 0:00:16]} 15. Qd3 {[%emt 0:02:03]} e5 {[%emt 0:00:07] [#]} 16. h3 $1 {[%emt 1:17:36]} Nf6 {[%emt 0:03:23]} 17. dxe5 {[%emt 0:00:00]} Nd7 {[%emt 0:00:05]} 18. e6 {[%emt 0:00:00]} Ne5 {[%emt 0:02:54]} 19. exf7+ {[%emt 0:00:00]} Kf8 {[%emt 0:00:04]} 20. Qb1 {[%emt 0:00:00]} (20. Qc2 $16) 20... Qb6 {[%emt 0:02:33]} 21. Nc2 $14 {[%emt 0:00:00]} ({White should play} 21. Bh5 $16) 21... Qc5 {[%emt 0:03:01]} 22. Nd4 {[%emt 0:00:00]} a3 {[%emt 0:01:35]} 23. Qc2 {[%emt 0:00:00]} axb2 {[%emt 0:01:45]} 24. Qxb2 {[%emt 0:00:00]} Nc4 {[%emt 0:00:24]} 25. Nxc4 {[%emt 0:00:00]} dxc4 {[%emt 0:00:03]} 26. Bg4 {[%emt 0:00:00]} Bxg4 {[%emt 0:03:39]} 27. Qxb7 {[%emt 0:00:00]} Ra7 {[%emt 0:00:35]} 28. Qb8+ {[%emt 0:00:00]} Ke7 {[%emt 0:01:51]} 29. Qxh8 {[%emt 0:00:00]} 1-0

[Event "Ceara-ch 2019"]
[Site "Fortaleza"]
[Date "2019.12.01"]
[Round "8.2"]
[White "Palacio, Igor Da Paz"]
[Black "Lima, Alan Elkinson Lopes "]
[Result "1/2-1/2"]
[WhiteElo "2160"]
[BlackElo "1928"]
[Annotator "TA"]
[PlyCount "71"]
[EventDate "2019.11.17"]
[EventType "tourn"]
[EventCountry "BRA"]
[SourceTitle "playchess.com"]
[Source "ChessBase"]
[SourceQuality "1"]

{[%evp 19,71,11,15,11,6,6,6,6,6,6,6,9,9,9,12,14,5,0,15,0,-7,3,37,18,24,23,18,20,25,0,7,1,12,5,2,0,13,11,11,15,29,0,16,-12,0,-44,-16,-16,-16,-22,-22,-22,-19,-22]} 1. Nf3 d5 ({Predecessor:} 1... Nf6 2. c4 g6 3. d4 Bg7 4. g3 d5 5. cxd5 Nxd5 6. Bg2 Nb6 7. O-O Nc6 8. e3 O-O {½-½ (57) Tassone,R-Ankay,A ICCF email 2012}) 2. c4 Nf6 3. g3 g6 4. Bg2 Bg7 5. cxd5 Nxd5 6. Nc3 O-O 7. O-O Nc6 8. d4 Nb6 9. e3 Re8 10. b3 e5 11. Nxe5 {D76: Fianchetto Grünfeld: Main Line with 7...Nb6} Nxe5 12. dxe5 Qxd1 $146 (12... Bxe5 13. Bb2 Qe7 14. Qc2 c6 15. Rad1 Bg4 16. f3 Be6 17. f4 Bg7 18. e4 Rad8 19. e5 Bg4 20. Bf3 Rxd1 21. Qxd1 {0-1 (59) Giri,A (2784)-Vachier Lagrave,M (2773) London 2015}) 13. Rxd1 Bxe5 14. Bb2 c6 15. Rd2 Bf5 16. Rad1 a5 17. Ne2 Bxb2 18. Rxb2 Rad8 (18... Red8 {is interesting.} 19. Rc1 Rd7 20. Nd4 Be6 21. Nxe6 fxe6 22. a3 a4) 19. Rbd2 (19. Rc1 {keeps more tension.} Be4 20. b4 Bxg2 21. Kxg2 Na4 22. Rb3) 19... Rxd2 20. Rxd2 Be4 21. f3 Bd5 22. e4 Be6 23. Nf4 Bc8 24. g4 h6 25. Kf2 Kf8 26. Bf1 Ke7 27. Ke3 (27. h4 {feels hotter.} g5 28. Nd3 a4 29. h5 Rd8 30. Rb2) 27... Rd8 28. Rxd8 Kxd8 $11 {[%mdl 4096] Endgame KBN-KBN} 29. h4 Ke7 30. Kd4 Nd7 31. a3 b6 32. b4 axb4 33. axb4 {The position is equal.} g5 34. hxg5 hxg5 35. Nh5 f6 36. Be2 {Accuracy: White = 40%, Black = 62%.} 1/2-1/2

[Event "Ceara-ch 2019"]
[Site "Fortaleza"]
[Date "2019.12.01"]
[Round "8.3"]
[White "Parente, Renan Braz"]
[Black "Brandao, Marcius Gomes"]
[Result "1-0"]
[WhiteElo "2219"]
[BlackElo "2002"]
[Annotator "TA"]
[PlyCount "67"]
[EventDate "2019.11.17"]
[EventType "tourn"]
[EventCountry "BRA"]
[SourceTitle "playchess.com"]
[Source "ChessBase"]
[SourceQuality "1"]

{[%evp 9,67,0,-1,0,16,25,15,18,92,34,32,12,32,-8,-18,-16,-10,-28,-28,-26,-13,-12,47,40,47,40,53,49,65,29,28,21,78,54,187,180,210,170,205,192,203,137,349,365,436,342,383,382,621,630,606,597,820,553,770,676,29990,29991,29997,29998]} 1. e4 c5 2. Nc3 g6 3. Bc4 Bg7 4. Qf3 e6 5. Nb5 d6 6. Qg3 {B23: Closed Sicilian: Lines without g3} e5 (6... Ke7 7. d3 a6 8. Nc3 Nc6 9. Bb3 Nf6 10. Nf3 h6 11. h3 {½-½ (45) Anton Guijarro,D (2607)-Bu,X (2707) Doha 2014}) 7. Qb3 Nh6 8. Qd3 {The position is equal.} Ke7 (8... Bf8 $1 $11) 9. Nf3 $146 (9. Qg3 $16) ({Predecessor:} 9. Ne2 Be6 10. a3 Nc6 11. O-O {1-0 (41) Hernandez Funes,R (2195)-Farre Buil,C (1847) Barcelona 2018}) 9... Nc6 $14 10. a3 Re8 11. O-O a6 12. Nc3 Kf8 13. Nd5 b5 14. Ba2 Be6 (14... f5 {feels hotter.} 15. Qe3 Nf7 16. d3 f4 17. Qd2 Bg4) 15. Qe2 Nd4 (15... c4 $11) 16. Nxd4 exd4 17. d3 $36 {[%mdl 2048] White fights for an advantage.} Ra7 18. Bf4 f5 19. Qd2 Nf7 20. exf5 Bxf5 (20... gxf5 $11 {keeps the balance.} 21. Rae1 Ne5) 21. Rfe1 g5 (21... Be5 $14) 22. Rxe8+ $18 Kxe8 23. Bg3 Kf8 24. f4 g4 25. Qf2 {[#] aiming for Bh4.} Qb8 $2 (25... Nh8 $16 26. Bh4 Qc8) 26. Re1 c4 27. dxc4 bxc4 28. Bxc4 Qxb2 $2 (28... d3 29. c3 (29. Bxd3 Bxd3 30. cxd3 Qxb2 $16) 29... Rb7) 29. Qe2 {[%csl Ge1][%cal Re2e8] [#]} Qb8 30. Bh4 Bg6 31. Qxg4 Rb7 32. Ne7 Bxc2 33. Bxf7 Kxf7 34. Qe6+ {Accuracy: White = 61%, Black = 22%.} 1-0

[Event "Ceara-ch 2019"]
[Site "Fortaleza"]
[Date "2019.12.01"]
[Round "8.4"]
[White "Pereira, Silvio Cunha"]
[Black "Barreto, Paulo Robson Rodrigu"]
[Result "1-0"]
[WhiteElo "2201"]
[BlackElo "1692"]
[Annotator "TA"]
[PlyCount "95"]
[EventDate "2019.11.17"]
[EventType "tourn"]
[EventCountry "BRA"]
[SourceTitle "playchess.com"]
[Source "ChessBase"]
[SourceQuality "1"]

{[%evp 12,95,4,9,36,34,49,40,39,6,25,16,12,1,34,31,25,23,43,20,36,27,40,28,31,23,26,30,47,47,85,42,41,28,28,37,35,47,49,37,111,109,111,111,105,110,118,148,143,118,120,38,47,0,26,0,0,0,0,0,0,0,33,33,246,246,246,244,245,244,243,228,213,228,229,220,220,216,187,168,29979,29972,29970,29971,4831,114]} 1. e4 e5 2. Nf3 Nf6 3. Nxe5 d6 4. Nf3 Nxe4 5. d3 Nf6 6. d4 d5 7. Bd3 Bb4+ {C01: French: Exchange Variation} (7... Bd6 8. Qe2+ Be6 9. Ng5 Qe7 10. Nxe6 fxe6 11. Nd2 Nc6 12. Nf3 O-O 13. c3 e5 14. dxe5 Nxe5 15. Nxe5 Bxe5 16. f4 {½-½ (30) Bacrot,E (2671)-Abasov,N (2632) Linares 2019}) 8. c3 Bd6 9. O-O O-O {White is slightly better.} 10. h3 h6 11. Re1 Re8 12. Nbd2 $146 ({Predecessor:} 12. Be3 b6 13. Nbd2 Ba6 14. Bc2 Nbd7 15. Nf1 {1-0 (38) Mikoleizig,E (2145)-Alhambra Zarco,R (1649) Las Palmas 2014}) 12... c5 13. dxc5 Bxc5 14. Nb3 Bb6 15. Bf4 Nc6 16. Qc2 Be6 17. Nbd4 Bxd4 18. Nxd4 Nxd4 19. cxd4 Nh5 20. Be5 $36 {[%mdl 2048] White has some pressure.} Qg5 21. Qc1 Rac8 22. Qxg5 hxg5 23. g4 Nf4 24. Bxf4 gxf4 25. Kg2 f6 (25... g5 $1 $14) 26. Kf3 $16 g5 {[#]} 27. h4 $1 {[%mdl 512]} Bd7 (27... gxh4 28. Rh1) 28. Bg6 Re6 29. Rxe6 Bxe6 {[%mdl 4096] Endgame KRB-KRB} 30. Re1 Rc6 31. Bd3 ({White should try} 31. hxg5 $16 fxg5 32. Re5) 31... Kg7 $14 32. a3 a6 33. hxg5 fxg5 34. Rh1 Bf7 35. Re1 Be6 36. Bf5 Bxf5 37. gxf5 $11 {KR-KR} Kf6 $2 (37... Rc2 $14) 38. Kg4 $18 Rc2 39. Re6+ Kf7 40. Rb6 ({Much less strong is} 40. Kxg5 $6 Rxb2 41. f3 (41. Kxf4 Rxf2+ 42. Ke5 Re2+ 43. Kxd5 {[%mdl 64] Discovered Attack} Rf2 $16) 41... Rb3) 40... Rxf2 {aiming for ...Rg2+.} 41. Rxb7+ Kf8 42. f6 {Strongly threatening Kh5.} f3 {[#]} 43. Rb3 $1 Rd2 44. Rxf3 Rxd4+ 45. Kf5 Rd2 $2 (45... Kf7 $18) 46. Rb3 Rf2+ {[#]} 47. Kg6 $1 {[%cal Rb3b8]} Ke8 48. Rb8+ {Accuracy: White = 65%, Black = 52%.} 1-0

[Event "Ceara-ch 2019"]
[Site "Fortaleza"]
[Date "2019.12.01"]
[Round "8.5"]
[White "Albuquerque Junior, Wellington S."]
[Black "Lima, Helio Viana Correia"]
[Result "1-0"]
[WhiteElo "2213"]
[BlackElo "1950"]
[Annotator "TA"]
[PlyCount "81"]
[EventDate "2019.11.17"]
[EventType "tourn"]
[EventCountry "BRA"]
[SourceTitle "playchess.com"]
[Source "ChessBase"]
[SourceQuality "1"]

{[%evp 21,81,-60,-63,-108,-72,-66,-75,-85,-48,-48,-11,-46,-25,-32,-26,-20,0,-33,29,23,57,46,52,68,59,14,70,13,20,26,33,24,27,15,115,115,115,118,129,124,115,70,101,101,191,191,188,177,206,180,168,61,72,20,29,0,192,203,395,252,243,218]} 1. c4 e6 2. Nf3 Nf6 3. g3 d5 4. b3 d4 5. Bg2 c5 6. b4 cxb4 7. a3 Nc6 8. O-O Be7 9. Bb2 O-O 10. d3 e5 11. axb4 Bxb4 12. Qb3 {White wants to play Nxe5! A14: English Opening: 1...e6 with b3 by White} Qe7 $146 ({Predecessor:} 12... a5 13. Na3 Nd7 14. Nb5 Nc5 15. Qc2 Re8 16. Rfd1 Bf5 17. Nh4 Bg4 18. h3 Bh5 19. Nf5 Qd7 {0-1 (54) Horn,M (2198)-Gentemann,M (2182) Germany 2012}) 13. Na3 Bg4 14. Nc2 {Black is better.} Bc5 15. Ba3 Rab8 16. h3 Bd7 17. Bxc5 Qxc5 18. Rfb1 a6 19. Qb6 Qe7 (19... Qd6 $15) 20. Nb4 $1 $11 Nxb4 21. Qxb4 Qxb4 22. Rxb4 Rfe8 23. Nd2 Kf8 (23... b5 $11) 24. g4 (24. Rxb7 $14 Rxb7 25. Bxb7) 24... Bc6 25. Bxc6 bxc6 26. Rxb8 Rxb8 27. Rxa6 {[%mdl 4096] Endgame KRN-KRN} Rc8 (27... Rb2 $11 28. Nf3 Nd7) 28. Nf3 $16 Nd7 29. Ra7 Ke8 {[#]} 30. Ng5 $1 f6 31. Ne6 g6 32. Kg2 Ke7 (32... Rb8 $16) 33. Nc5 $1 $18 Rd8 34. Kf3 h6 35. Ke4 Ke8 36. Nb7 ({Much less strong is} 36. Ne6 Rb8 $16) (36. Nxd7 $18 Rxd7 37. Ra8+ Rd8 38. Rxd8+ Kxd8 39. f4) 36... Rb8 $14 {[#] aiming for ...Rxb7!} 37. Kf3 (37. Na5 $1 $16) 37... Ke7 $11 38. Nc5 $2 (38. Kg3 $11) 38... Rd8 $18 39. h4 f5 $2 (39... Ke8 {is a better defense.}) 40. gxf5 gxf5 41. h5 {Accuracy: White = 47%, Black = 25%.} 1-0

[Event "Ceara-ch 2019"]
[Site "Fortaleza"]
[Date "2019.12.01"]
[Round "9.1"]
[White "Lima, Helio Viana Correia"]
[Black "Da Justa, Saulo Freitas"]
[Result "1-0"]
[WhiteElo "1950"]
[BlackElo "1911"]
[Annotator "NA RC"]
[PlyCount "95"]
[EventDate "2019.11.17"]
[EventType "tourn"]
[EventCountry "BRA"]
[SourceTitle "playchess.com"]
[Source "ChessBase"]
[SourceQuality "1"]
[TimeControl "5400+30"]

1. d4 {[%emt 0:01:39]} d5 {[%emt 0:00:16]} 2. Bf4 {[%emt 0:00:07]} e6 {[%emt 0:00:43]} 3. e3 {[%emt 0:00:11]} Nf6 {[%emt 0:00:26]} 4. c3 {[%emt 0:00:17]} Bd6 {[%emt 0:00:14]} 5. Bg3 {[%emt 0:00:09]} O-O {[%emt 0:00:06]} 6. Nd2 {[%emt 0:00:22]} c5 {[%emt 0:01:40]} 7. Bd3 {[%emt 0:00:09]} Nc6 {[%emt 0:06:28]} 8. Ngf3 {[%emt 0:00:08]} h6 {[%emt 0:02:01] D02: 1 d4 d5 2 Nf3 sidelines, including 2...Nf6 3 g3 and 2...Nf6 3 Bf4} (8... Qe7 9. Ne5 Nd7 10. Nxd7 Qxd7 11. Bxd6 Qxd6 12. dxc5 Qxc5 13. Bxh7+ Kxh7 14. Qh5+ Kg8 15. Ne4 g6 {½-½ (15) Riazantsev,A (2645)-Popov,I (2604) Moscow 2019}) 9. Qe2 {[%emt 0:00:27]} Re8 {[%emt 0:02:08]} 10. Ne5 {[%emt 0:00:15]} Qe7 {[%emt 0:06:17]} 11. f4 $146 {[%emt 0:00:27]} ({Predecessor:} 11. e4 Nd7 12. Nxd7 cxd4 13. e5 dxc3 14. bxc3 Ba3 15. Nf6+ gxf6 16. Qg4+ Kh8 17. Qh5 f5 18. Bf4 Qf8 19. Bxh6 Qg8 20. Bf8+ {1-0 (20) Gomez Ledo,R (2442)-Cuevas Fernandez,J (2128) Lisbon 2018}) 11... Nd7 {[%emt 0:02:21]} 12. Qh5 {[%emt 0:00:21]} c4 {[%emt 0:12:19]} 13. Bc2 {[%emt 0:00:03]} f5 {[%emt 1:01:31]} 14. Bh4 {[%emt 0:00:24]} Qf8 {[%emt 0:00:00]} 15. g4 {[%emt 0:00:41]} Bxe5 {[%emt 0:00:00]} 16. dxe5 {[%emt 0:00:43]} Qf7 {[%emt 0:00:00]} 17. Qxf7+ {[%emt 0:00:52]} Kxf7 {[%emt 0:00:00]} 18. gxf5 {[%emt 0:01:05]} exf5 {[%emt 0:00:00]} 19. O-O-O {[%emt 0:07:44]} Nc5 {[%emt 0:00:00]} 20. Nf3 {[%emt 0:00:50]} Be6 {[%emt 0:00:00]} 21. Rhg1 {[%emt 0:02:08]} b5 {[%emt 0:00:00]} 22. Be1 {[%emt 0:02:05]} a5 {[%emt 0:00:00]} 23. Nh4 {[%emt 0:01:46]} Ne7 {[%emt 0:00:00]} 24. Rd2 {[%emt 0:01:31]} g6 {[%emt 0:00:00]} 25. Rdg2 {[%emt 0:00:22]} Rg8 {[%emt 0:00:00]} 26. Nf3 {[%emt 0:00:38]} Ne4 {[%emt 0:00:00]} 27. Nd4 {[%emt 0:00:39]} Bd7 {[%emt 0:00:00]} 28. Bh4 {[%emt 0:03:21]} Ra6 {[%emt 0:00:00]} (28... Rae8 $142 29. a3 Nc8) 29. Bxe7 {[%emt 0:08:06]} Kxe7 {[%emt 0:00:00]} 30. Bxe4 {[%emt 0:01:33]} dxe4 {[%emt 0:00:00]} 31. h4 {[%emt 0:00:14]} b4 {[%emt 0:00:00] [#]} 32. e6 $1 {[%emt 0:09:55]} Be8 {[%emt 0:00:15] [#]} 33. Nxf5+ $1 {[%emt 0:00:41] Double Attack, Pin} Kxe6 {[%emt 0:00:51]} 34. Nxh6 {[%emt 0:01:03]} Rf8 {[%emt 0:00:42]} 35. Ng4 {[%emt 0:01:00]} Rh8 $18 {[%emt 0:01:40]} 36. Ne5 {[%emt 0:09:08]} Rxh4 {[%emt 0:02:33]} 37. Rxg6+ {[%emt 0:15:57]} Bxg6 {[%emt 0:00:02]} 38. Rxg6+ {[%emt 0:00:03]} Kf5 {[%emt 0:00:28]} 39. Rxa6 {[%emt 0:00:15]} Rh1+ {[%emt 0:00:05]} 40. Kd2 {[%emt 0:00:17]} Rh2+ {[%emt 0:00:25]} 41. Ke1 {[%emt 0:02:40]} Rh1+ {[%emt 0:00:33]} 42. Kf2 {[%emt 0:03:38]} Rh2+ {[%emt 0:00:38]} 43. Kg3 {[%emt 0:27:36]} bxc3 {[%emt 0:00:39]} 44. bxc3 {[%emt 0:00:00]} Rh1 {[%emt 0:01:58]} 45. Nxc4 {[%emt 0:00:00]} Rc1 {[%emt 0:00:45]} 46. Nd6+ {[%emt 0:00:00]} Ke6 {[%emt 0:00:02]} 47. Nxe4+ {[%emt 0:00:00]} Kf5 {[%emt 0:00:08]} 48. Kf3 {[%emt 0:00:00]} 1-0

[Event "Ceara-ch 2019"]
[Site "Fortaleza"]
[Date "2019.12.01"]
[Round "9.3"]
[White "Brandao, Marcius Gomes"]
[Black "Pereira, Silvio Cunha"]
[Result "0-1"]
[WhiteElo "2002"]
[BlackElo "2201"]
[Annotator "TA"]
[PlyCount "34"]
[EventDate "2019.11.17"]
[EventType "tourn"]
[EventCountry "BRA"]
[SourceTitle "playchess.com"]
[Source "ChessBase"]
[SourceQuality "1"]

{[%evp 15,40,0,5,0,0,-1,-13,-23,-29,-33,-25,-82,-82,-91,-114,-123,-120,-116,-102,-114,-92,-82,-48,-119,-111,-902,-892]} 1. e4 e5 2. Nf3 Nc6 3. d4 exd4 4. Nxd4 Bc5 5. Nb3 Bb6 6. Nc3 Qf6 7. Qe2 Nge7 8. a4 a6 9. h4 {C45: Scotch Game} h6 10. g4 d6 $146 {Strongly threatening ...Ne5.} ({Predecessor:} 10... Nd4 11. Nxd4 Bxd4 12. Bd2 d6 13. f4 g6 14. Bg2 Bd7 15. g5 hxg5 16. hxg5 Rxh1+ 17. Bxh1 {0-1 (37) Ansell,S (2379)-Ganguly,S (2536) Edinburgh 2003}) 11. g5 {The position is equal.} hxg5 12. Bxg5 Qg6 $1 13. Nd5 {[#]} (13. O-O-O $11) 13... Nxd5 $1 $17 14. exd5+ Ne5 {[%cal Bc6e5,Be5c4,Bc4d2][%mdl 32] White must now prevent ...Bg4.} 15. Bh3 f6 $36 {[%mdl 2048] Black has strong initiative.} 16. Bxc8 Rxc8 17. Be3 Bxe3 {Played: Qg6-e4} 0-1